|
|
|
|
| LEADER |
00000nam0a2200000 4500 |
| 001 |
286605 |
| 005 |
20231101235916.0 |
| 020 |
|
|
|a RU
|b 85-66670
|
| 035 |
|
|
|a (RuTPU)RU\TPU\book\310925
|
| 090 |
|
|
|a 286605
|
| 100 |
|
|
|a 20150306d1985 k y0rusy5003 ca
|
| 101 |
0 |
|
|a rus
|
| 102 |
|
|
|a RU
|
| 105 |
|
|
|a a z 001zy
|
| 200 |
1 |
|
|a Система и стратиграфическое значение брахиопод подотряда пентамеридин
|f В. П. Сапельников
|g Академия наук СССР (АН СССР), Уральское отделение (УрО), Институт геологии и геохимии им. А. Н. Заварицкого (ИГГ) ; под ред. О. В. Богоявленской
|
| 210 |
|
|
|a Москва
|c Наука
|d 1985
|
| 215 |
|
|
|a 206 с.
|c ил., 24 л. ил., 1 отд. л. схем
|
| 320 |
|
|
|a Библиогр.: с. 181-194
|
| 606 |
1 |
|
|a Брахиоподы
|x Систематика
|2 stltpush
|3 (RuTPU)RU\TPU\subj\30133
|9 53291
|
| 610 |
1 |
|
|a палеозой
|
| 610 |
1 |
|
|a стратиграфия
|
| 610 |
1 |
|
|a биостратиграфические исследования
|
| 610 |
1 |
|
|a пантамеридины
|
| 610 |
1 |
|
|a классификация
|
| 610 |
1 |
|
|a таксономический состав
|
| 675 |
|
|
|a 564.8
|z rus
|v 3
|
| 700 |
|
1 |
|a Сапельников
|b В. П.
|g Вадим Петрович
|4 070
|
| 702 |
|
1 |
|a Богоявленская
|b О. В.
|4 340
|
| 712 |
0 |
2 |
|a Академия наук СССР (АН СССР)
|b Уральское отделение (УрО)
|b Институт геологии и геохимии им. А. Н. Заварицкого (ИГГ)
|c (Свердловск)
|2 stltpush
|3 (RuTPU)RU\TPU\col\13583
|
| 801 |
|
0 |
|a RU
|b RuMRKP
|c 19950704
|g psbo
|
| 801 |
|
1 |
|a RU
|b 63413507
|c 20150306
|
| 801 |
|
2 |
|a RU
|b 63413507
|c 20180110
|g RCR
|
| 942 |
|
|
|c BK
|